000 00980nam a22003017a 4500
001 BR2023001948
003 BR-BrBNA
005 20231015133833.0
008 231015b bl.||||| |||| 00| 0 por d
040 _aBR-BrBNA
_bpor
041 _apor
072 _aE50 ; D50 ; E11
090 _aE50 BR2023001948
110 _aMovimento dos Pescadores e Pescadoras Artesanais, Fortaleza, CE (Brasil)
245 _aCartilha: projeto de lei de iniciativa popular sobre território pesqueiro
_bCampanha Nacional pela Regularização dos Territórios das Comunidades Tradicionais Pesqueiras
260 _aFortaleza, CE (Brasil)
_c[nd]
300 _a26 p.
500 _aPulblished 2011?; 14 illus.
650 _aPESCA ARTESANAL
650 _aCOMUNIDADE PESQUEIRA
650 _aCOLÔNIA DE PESCADORES
650 _aSOCIOLOGIA RURAL
650 _aPOLÍTICA AGRÁRIA
650 _aPOLÍTICA PESQUEIRA
650 _aLEGISLAÇÃO
909 _a202310
_bFernando
942 _cBK
999 _c86476
_d86476